000 00439pab a2200157 454500
008 180718b2007 xxu||||| |||| 00| 0 eng d
100 _aKenny, Charles
245 _aA note on the ethnical implications of the stern review on the economics of climate change
260 _c2007
300 _ap.432-40.
362 _aDec
650 _aClimatic change
773 _aJournal of Environment and Development
908 _aN
909 _a78371
999 _c78371
_d78371